Immunology at a glance (Record no. 480096)

000 -LEADER
fixed length control field 00240nam a22001097a 4500
003 - CONTROL NUMBER IDENTIFIER
control field NUST
008 - FIXED-LENGTH DATA ELEMENTS--GENERAL INFORMATION
fixed length control field 160603t xxu||||| |||| 00| 0 eng d
038 ## - RECORD CONTENT LICENSOR
Staff Name Mian Adnan
082 ## - DEWEY DECIMAL CLASSIFICATION NUMBER
Classification number 616.07
245 ## - TITLE STATEMENT
Title Immunology at a glance
942 ## - ADDED ENTRY ELEMENTS (KOHA)
Source of classification or shelving scheme
Koha item type Book
Holdings
Withdrawn status Lost status Source of classification or shelving scheme Damaged status Not for loan Permanent Location Current Location Date acquired Total Checkouts Total Renewals Full call number Barcode Date last seen Date last checked out Price effective from Koha item type
          Atta-ur-Rahman School of Applied Biosciences (ASAB) Atta-ur-Rahman School of Applied Biosciences (ASAB) 06/03/2016 4 2 616.07 PLA ASAB1601 07/06/2018 07/06/2018 06/03/2016 Book
© 2023 Central Library, National University of Sciences and Technology. All Rights Reserved.